000 00986nam a22003257a 4500
001 BR2016004079
003 BR-BrBNA
005 20230928104959.0
007 ta
008 230509b bl.||||| |||| 00| 0 por d
040 _aBR-BrBNA
_bpor
_cBiblioteca Nacional de Agricultura
041 _a(Por)
072 _aP33; P01; T01
090 _ P33 BR2016004079
100 1 _aCosta, A. de F.S. da
100 1 _aCosta, A.N. da
110 1 _aInstituto Capixaba de Pesquisa, Assistência e Extensão Rural, Vitória, ES (Brasil)
_95948
245 1 _aValores orientadores de qualidade de solos no Espírito Santo
260 3 _aVitória, ES (Brasil):
_c2015.
300 _a151 p.
500 _aIncludes several bibliographies; 23 illus.; 14 tables
650 _aSOLO
650 _aESPÍRITO SANTO
650 _aMETAL PESADO
650 _aPROPRIEDADE FÍSICO-QUÍMICA
650 _aCONSERVAÇÃO
650 _aPOLUENTE
909 _a202309
_bLucia
_c55
_dLucia Elande
942 _cBK
999 _c82769
_d82769